Normal view MARC view

Entry Personal Name

Number of records used in: 2

001 - CONTROL NUMBER

  • control field: 59172

003 - CONTROL NUMBER IDENTIFIER

  • control field: dpl

005 - DATE AND TIME OF LATEST TRANSACTION

  • control field: 20231129113742.0

008 - FIXED-LENGTH DATA ELEMENTS

  • fixed length control field: 231129|| aca||aabn | a|a d

040 ## - CATALOGING SOURCE

  • Original cataloging agency: dpl
  • Transcribing agency: dpl

100 ## - HEADING--PERSONAL NAME

  • Personal name: सुशील कुमार

670 ## - SOURCE DATA FOUND

  • Source citation: Work cat.: (dpl)199289: सुशील कुमार , हिंदी ग़ज़ल का आत्मसंघर्ष:अपने समय की चुनी हुई गज़लों से गुज़रते हुए/ , 2021

© Delhi Public Library
Hit Counter
free hit counter